[Event "Troisdorf op"]
[Site "Troisdorf"]
[Date "2014.11.04"]
[Round "3"]
[White "Hingst, Dieter Max Otto"]
[Black "Friedrich, Johannes"]
[Result "0-1"]
[WhiteElo "936"]
[BlackElo "1423"]
[PlyCount "40"]
[EventDate "2014.10.21"]
[EventType "swiss"]
[EventRounds "7"]
[EventCountry "GER"]
[SourceTitle "EXT 2016"]
[Source "ChessBase"]
[SourceDate "2015.10.08"]
[SourceVersion "1"]
[SourceVersionDate "2015.10.08"]
[SourceQuality "1"]

1. d4 d5 2. Nf3 Nc6 3. Nc3 Bf5 4. Nh4 e6 5. Nxf5 exf5 6. Bf4 Bb4 7. a3 Bxc3+ 8. bxc3 g5 9. Be5 f6 10. e3 fxe5 11. Qh5+ Kf8 12. dxe5 Nxe5 13. 0-0-0 c6 14. c4 Qe7 15. cxd5 Qxa3+ 16. Kd2 Qe7 17. dxc6 Rd8+ 18. Bd3 Nxd3 19. cxb7 Nf6 20. Qxg5 Ne4+ 0-1

[Event "Troisdorf op"]
[Site "Troisdorf"]
[Date "2014.10.28"]
[Round "2"]
[White "Heidmann, Horst"]
[Black "Hingst, Dieter Max Otto"]
[Result "1-0"]
[WhiteElo "1716"]
[BlackElo "936"]
[PlyCount "75"]
[EventDate "2014.10.21"]
[EventType "swiss"]
[EventRounds "7"]
[EventCountry "GER"]
[SourceTitle "EXT 2016"]
[Source "ChessBase"]
[SourceDate "2015.10.08"]
[SourceVersion "1"]
[SourceVersionDate "2015.10.08"]
[SourceQuality "1"]

1. d4 d5 2. Nf3 Nc6 3. Bf4 Nf6 4. e3 e6 5. Bb5 a6 6. Bd3 Nb4 7. 0-0 Nxd3 8. cxd3 Bd6 9. Bxd6 cxd6 10. Nc3 b5 11. a3 Bd7 12. Re1 h5 13. e4 h4 14. exd5 h3 15. g3 Qe7 16. Qe2 0-0-0 17. Rac1 Kb7 18. dxe6 fxe6 19. Ne4 Rc8 20. Qd2 Rxc1 21. Rxc1 Rc8 22. Rxc8 Bxc8 23. Qb4 Nxe4 24. dxe4 Qc7 25. Qc3 Qxc3 26. bxc3 Kb6 27. Nd2 a5 28. f4 g6 29. Kf2 Bb7 30. Ke3 a4 31. Nf3 Ka5 32. Ng5 b4 33. cxb4+ Kb5 34. Kd3 d5 35. e5 Ba6 36. Kc3 Kb6 37. Nxe6 Bc4 38. Nf8 1-0

[Event "Troisdorf op"]
[Site "Troisdorf"]
[Date "2013.12.03"]
[Round "7"]
[White "Bonus, Christian"]
[Black "Hingst, Dieter Max Otto"]
[Result "1-0"]
[WhiteElo "1475"]
[BlackElo "936"]
[PlyCount "61"]
[EventDate "2013.10.22"]
[EventType "swiss"]
[EventRounds "7"]
[EventCountry "GER"]
[SourceTitle "EXT 2016"]
[Source "ChessBase"]
[SourceDate "2015.10.08"]
[SourceVersion "1"]
[SourceVersionDate "2015.10.08"]
[SourceQuality "1"]

1. d4 d5 2. Bf4 Nc6 3. Nf3 Nf6 4. e3 e6 5. Bd3 h6 6. c3 Bd6 7. Ne5 Bxe5 8. dxe5 Ne4 9. Nd2 Nxd2 10. Qxd2 g5 11. Bg3 h5 12. h3 h4 13. Bh2 f6 14. exf6 Qxf6 15. Bxc7 Qe7 16. Bh2 Rh6 17. f4 Bd7 18. fxg5 Rh8 19. Bg6+ Kd8 20. e4 Be8 21. Bxe8 Kxe8 22. 0-0-0 Rd8 23. exd5 Rxd5 24. Qxd5 exd5 25. Rhe1 Qxe1 26. Rxe1+ Kf7 27. Kd2 Na5 28. Kd3 Nc4 29. b3 Nb6 30. Re5 Re8 31. g6+ 1-0

[Event "Cologne Longerich op 8th"]
[Site "Cologne"]
[Date "2011.08.14"]
[Round "4"]
[White "Hingst, Dieter Max Otto"]
[Black "Meul, Willi"]
[Result "0-1"]
[WhiteElo "942"]
[BlackElo "1672"]
[PlyCount "44"]
[EventDate "2011.08.12"]
[EventType "swiss"]
[EventRounds "5"]
[EventCountry "GER"]
[SourceTitle "EXT 2017"]
[Source "ChessBase"]
[SourceDate "2016.10.25"]
[SourceVersion "1"]
[SourceVersionDate "2016.10.25"]
[SourceQuality "1"]

1. d4 Nf6 2. Nf3 g6 3. b3 Bg7 4. Bb2 d5 5. Nc3 0-0 6. Qd2 Nbd7 7. 0-0-0 c6 8. h4 b5 9. b4 a5 10. a3 Nb6 11. Ne5 axb4 12. Nxc6 bxc3 13. Qxc3 Qd6 14. Ne5 Ne4 15. Qe3 f6 16. h5 fxe5 17. h6 Bh8 18. f3 Nc4 19. dxe5 Bxe5 20. Bxe5 Qxe5 21. Qd4 Qg5+ 22. Qd2 Nexd2 0-1

[Event "Cologne Longerich op 8th"]
[Site "Cologne"]
[Date "2011.08.12"]
[Round "1"]
[White "Mischke, Daniel"]
[Black "Hingst, Dieter Max Otto"]
[Result "1-0"]
[WhiteElo "1471"]
[BlackElo "942"]
[PlyCount "46"]
[EventDate "2011.08.12"]
[EventType "swiss"]
[EventRounds "5"]
[EventCountry "GER"]
[SourceTitle "CBM 144 Extra"]
[Source "ChessBase"]
[SourceDate "2011.10.28"]
[SourceVersion "1"]
[SourceVersionDate "2011.10.28"]
[SourceQuality "1"]

1. d4 d5 2. c4 dxc4 3. Nf3 b5 4. e3 Nf6 5. a4 Bd7 6. axb5 Bxb5 7. b3 e6 8. bxc4 Bb4+ 9. Bd2 Bxd2+ 10. Nbxd2 Ba6 11. g3 c6 12. Bg2 Bb7 13. 0-0 Nbd7 14. e4 Qc7 15. e5 Ng8 16. Ne4 Kf8 17. Nd6 f6 18. Bh3 c5 19. Nxb7 Qxb7 20. Bxe6 fxe5 21. Bd5 Qb8 22. Bxa8 Qxa8 23. dxe5 Nxe5 1-0

[Event "Troisdorf op "]
[Site "Troisdorf"]
[Date "2010.11.16"]
[Round "4"]
[White "Hingst, Dieter Max Otto"]
[Black "Reiter, Ute"]
[Result "1-0"]
[WhiteElo "884"]
[BlackElo "1157"]
[PlyCount "63"]
[EventDate "2010.10.26"]
[EventType "swiss"]
[EventRounds "7"]
[EventCountry "GER"]
[SourceTitle "EXT 2013"]
[Source "ChessBase"]
[SourceDate "2012.11.22"]
[SourceVersion "1"]
[SourceVersionDate "2012.11.22"]
[SourceQuality "1"]

1. d4 d5 2. Nf3 e6 3. c4 Nf6 4. Bg5 h6 5. Bxf6 Qxf6 6. c5 Nc6 7. e3 a6 8. Nc3 Bd7 9. e4 dxe4 10. d5 Ne7 11. Qb3 Rb8 12. c6 exf3 13. cxd7+ Kxd7 14. dxe6+ Qxe6+ 15. Qxe6+ Kxe6 16. Bc4+ Kf6 17. Ne4+ Kg6 18. gxf3 Kh7 19. Bxf7 Nf5 20. 0-0-0 Be7 21. Ng3 Nh4 22. f4 Rhf8 23. Bb3 Rxf4 24. Bc2+ Kh8 25. Rd7 Bd6 26. Nh5 Rg4 27. f4 Bf8 28. Rhd1 Bd6 29. b4 c5 30. R1xd6 cxb4 31. Rd8+ Rxd8 32. Rxd8# 1-0

[Event "Troisdorf op"]
[Site "Troisdorf"]
[Date "2008.10.14"]
[Round "1"]
[White "Hingst, Dieter Max Otto"]
[Black "Schaad, Martin"]
[Result "0-1"]
[WhiteElo "1029"]
[BlackElo "1877"]
[PlyCount "66"]
[EventDate "2008.10.14"]
[EventType "swiss"]
[EventRounds "7"]
[EventCountry "GER"]
[SourceTitle "EXT 2011"]
[Source "ChessBase"]
[SourceDate "2010.11.26"]
[SourceVersion "1"]
[SourceVersionDate "2010.11.26"]
[SourceQuality "1"]

1. e4 e6 2. Nf3 d5 3. Bd3 c5 4. exd5 exd5 5. 0-0 Be7 6. c4 d4 7. Re1 Nf6 8. h3 0-0 9. Ng5 Nc6 10. Re4 Nxe4 11. Nxe4 Nb4 12. Be2 d3 13. Bf3 Nc2 14. b3 Nxa1 15. Na3 f5 16. Ng3 Bf6 17. Bd5+ Kh8 18. Qh5 Qe8 19. Nb5 Qxh5 20. Nxh5 Bd7 21. Nxf6 Bxb5 22. Bxb7 Rab8 23. Nd7 Bxd7 24. Bd5 Nxb3 25. Bb2 Nxd2 26. h4 Rxb2 27. h5 Rb1+ 28. Kh2 Nf1+ 29. Kh3 f4+ 30. Kh4 h6 31. g4 Rb2 32. g5 Rxf2 33. gxh6 gxh6 0-1

[Event "Troisdorf op"]
[Site "Troisdorf"]
[Date "2007.11.09"]
[Round "4"]
[White "Hingst, Dieter Max Otto"]
[Black "Bonus, Jonas"]
[Result "0-1"]
[WhiteElo "987"]
[BlackElo "1306"]
[PlyCount "52"]
[EventDate "2007.10.16"]
[EventType "swiss"]
[EventRounds "5"]
[EventCountry "GER"]
[SourceTitle "EXT 2011"]
[Source "ChessBase"]
[SourceDate "2010.11.26"]
[SourceVersion "1"]
[SourceVersionDate "2010.11.26"]
[SourceQuality "1"]

1. e4 e5 2. Nf3 d6 3. Bc4 f5 4. Nc3 fxe4 5. Nxe4 d5 6. Nxe5 Bf5 7. Bb5+ c6 8. Qf3 g6 9. Bd3 dxe4 10. Bxe4 Qf6 11. d4 Bxe4 12. Qxe4 Ne7 13. 0-0 Bg7 14. Rd1 0-0 15. Be3 Nf5 16. Rf1 Re8 17. Qd3 Qe6 18. Qb3 Qxb3 19. axb3 Bxe5 20. dxe5 Nxe3 21. fxe3 Nd7 22. Rad1 Nxe5 23. h4 Rad8 24. Rd4 h5 25. Rfd1 Nf7 26. Re1 Rxd4 0-1

[Event "Troisdorf op"]
[Site "Troisdorf"]
[Date "2007.11.06"]
[Round "3"]
[White "Kremser, Michael"]
[Black "Hingst, Dieter Max Otto"]
[Result "1-0"]
[WhiteElo "1425"]
[BlackElo "987"]
[PlyCount "73"]
[EventDate "2007.10.16"]
[EventType "swiss"]
[EventRounds "5"]
[EventCountry "GER"]
[SourceTitle "EXT 2011"]
[Source "ChessBase"]
[SourceDate "2010.11.26"]
[SourceVersion "1"]
[SourceVersionDate "2010.11.26"]
[SourceQuality "1"]

1. d4 d5 2. c4 Nf6 3. Nc3 Nc6 4. Bg5 h6 5. Bxf6 dxc4 6. Be5 e6 7. e3 Nxe5 8. dxe5 Qxd1+ 9. Rxd1 Bb4 10. Bxc4 Bxc3+ 11. bxc3 f6 12. exf6 gxf6 13. Nf3 Bd7 14. 0-0 b5 15. Bb3 a5 16. Rd2 a4 17. Bc2 0-0-0 18. Rfd1 Bc6 19. Rxd8+ Rxd8 20. Rxd8+ Kxd8 21. Nd4 Bd5 22. Nxb5 Bxa2 23. Bxa4 c5 24. Nd6 Kc7 25. Ne8+ Kb6 26. Nxf6 c4 27. Bd7 e5 28. Ng4 Kc5 29. Nxh6 Kd5 30. h4 Bb1 31. Bf5 Bxf5 32. Nxf5 Ke4 33. Nd6+ Kd3 34. h5 Kxc3 35. h6 Kd3 36. Nxc4 Kxc4 37. h7 1-0

[Event "Troisdorf op"]
[Site "Troisdorf"]
[Date "2006.10.24"]
[Round "1"]
[White "Wenner, Heinz"]
[Black "Hingst, Dieter Max Otto"]
[Result "1-0"]
[WhiteElo "1773"]
[BlackElo "908"]
[PlyCount "45"]
[EventDate "2006.10.24"]
[EventType "swiss"]
[EventRounds "7"]
[EventCountry "GER"]
[SourceTitle "EXT 2011"]
[Source "ChessBase"]
[SourceDate "2010.11.26"]
[SourceVersion "1"]
[SourceVersionDate "2010.11.26"]
[SourceQuality "1"]

1. e4 e5 2. Nf3 Nc6 3. Bb5 a6 4. Ba4 b5 5. Bb3 Nf6 6. d3 Bc5 7. 0-0 d6 8. Bg5 Be6 9. Nc3 Nd4 10. Bd5 Nxf3+ 11. Qxf3 Bxd5 12. Nxd5 h6 13. Nxf6+ gxf6 14. Bxf6 Qb8 15. Bxh8 Kd7 16. Bg7 b4 17. Bxh6 Bd4 18. Rab1 Kc6 19. Qxf7 Qb5 20. c3 bxc3 21. bxc3 Rb8 22. Rxb5 Rxb5 23. cxd4 1-0

[Event "Troisdorf op"]
[Site "Troisdorf"]
[Date "2005.11.22"]
[Round "5.25"]
[White "Behr, Ludwig"]
[Black "Hingst, Dieter Max Otto"]
[Result "1-0"]
[WhiteElo "1282"]
[BlackElo "894"]
[PlyCount "115"]
[EventDate "2005.10.18"]
[EventType "swiss"]
[EventRounds "7"]
[EventCountry "GER"]
[SourceTitle "EXT 2006"]
[Source "ChessBase"]
[SourceDate "2005.11.24"]
[SourceVersion "1"]
[SourceVersionDate "2005.11.24"]
[SourceQuality "1"]

1. e4 e5 2. Nf3 Nc6 3. Bc4 h6 4. d4 exd4 5. Nxd4 Nxd4 6. Qxd4 Qf6 7. Qd1 Bc5 8. 0-0 Bd6 9. Re1 Ne7 10. Nc3 0-0 11. a3 a5 12. Qh5 Qg6 13. Qe2 Bc5 14. Be3 d6 15. Bxc5 dxc5 16. h3 Bxh3 17. Qf3 Be6 18. Bd3 Qf6 19. Qh5 Qg6 20. Qh2 Rac8 21. Nd5 Nxd5 22. exd5 Bf5 23. Re3 Bxd3 24. cxd3 Rfe8 25. Rae1 Rxe3 26. Rxe3 Qg5 27. Qe5 Qxe5 28. Rxe5 b5 29. Kf1 Rf8 30. Re7 Rd8 31. Rxc7 Rxd5 32. Ke2 Re5+ 33. Kd2 f5 34. Rb7 b4 35. axb4 cxb4 36. Rc7 a4 37. Rc4 Ra5 38. Rxb4 a3 39. bxa3 Rxa3 40. Ke3 Ra1 41. d4 Ra8 42. d5 Re8+ 43. Kf4 Re2 44. Kf3 Rd2 45. Rb5 h5 46. Ke3 Rc2 47. d6 Rc8 48. Rxf5 Rd8 49. Rd5 Kf7 50. Ke4 Ke6 51. Re5+ Kxd6 52. Rd5+ Ke7 53. Rxd8 Kxd8 54. Kf5 Kd7 55. Kg6 Ke6 56. Kxh5 Ke5 57. Kg5 Ke4 58. f4 1-0

[Event "Troisdorf op"]
[Site "Troisdorf"]
[Date "2005.10.18"]
[Round "1.25"]
[White "Hingst, Dieter Max Otto"]
[Black "Reiter, Ute"]
[Result "1/2-1/2"]
[WhiteElo "894"]
[BlackElo "1067"]
[PlyCount "61"]
[EventDate "2005.10.18"]
[EventType "swiss"]
[EventRounds "7"]
[EventCountry "GER"]
[SourceTitle "EXT 2006"]
[Source "ChessBase"]
[SourceDate "2005.11.24"]
[SourceVersion "1"]
[SourceVersionDate "2005.11.24"]
[SourceQuality "1"]

1. e4 c5 2. Nf3 Nc6 3. Nc3 e6 4. d4 d6 5. dxc5 dxc5 6. Qxd8+ Nxd8 7. Nb5 Kd7 8. Ne5+ Ke7 9. Bg5+ f6 10. Nc7 Rb8 11. Nb5 a6 12. Na7 b5 13. Nec6+ Nxc6 14. Nxc6+ Kd6 15. Nxb8 fxg5 16. Rd1+ Kc7 17. Nxa6+ Bxa6 18. h4 g4 19. e5 Ne7 20. h5 g5 21. Be2 Nd5 22. Bxg4 Bc8 23. Rh3 c4 24. Rf3 Bg7 25. Rf7+ Kc6 26. Rxg7 h6 27. Ra1 Nb4 28. Bf3+ Kc5 29. Rc7+ Kb6 30. Rxc8 Rxc8 31. Be4 1/2-1/2

[Event "Troisdorf op"]
[Site "Troisdorf"]
[Date "2004.12.14"]
[Round "7"]
[White "Reiter, Ute"]
[Black "Hingst, Dieter Max Otto"]
[Result "1-0"]
[WhiteElo "981"]
[BlackElo "948"]
[PlyCount "75"]
[EventDate "2004.11.02"]
[EventType "swiss"]
[EventRounds "7"]
[EventCountry "GER"]
[SourceTitle "EXT 2006"]
[Source "ChessBase"]
[SourceDate "2005.11.24"]
[SourceVersion "1"]
[SourceVersionDate "2005.11.24"]
[SourceQuality "1"]

1. e4 e5 2. Nf3 Nc6 3. d4 f6 4. Bc4 Nh6 5. 0-0 g6 6. Be3 g5 7. dxe5 Nxe5 8. Nxe5 fxe5 9. Qd2 Be7 10. Nc3 g4 11. Bxh6 Bf8 12. Nd5 c6 13. Ne3 b5 14. Bxf8 Rxf8 15. Bd3 g3 16. h3 gxf2+ 17. Rxf2 Rg8 18. Nf5 d6 19. Raf1 Qg5 20. Qe2 Kd8 21. Nxd6 Kc7 22. Nxb5+ cxb5 23. Bxb5 Bxh3 24. Kh1 Bxg2+ 25. Rxg2 Qxg2+ 26. Qxg2 Rxg2 27. Kxg2 Rg8+ 28. Kf2 Rf8+ 29. Ke3 Rxf1 30. Bxf1 h5 31. Bh3 Kd6 32. b4 Ke7 33. c4 Kf6 34. c5 Kg5 35. c6 Kh4 36. Bf5 Kg3 37. c7 h4 38. c8Q 1-0

[Event "Troisdorf op"]
[Site "Troisdorf"]
[Date "2004.11.02"]
[Round "1"]
[White "Vitz, Hans Joachim"]
[Black "Hingst, Dieter Max Otto"]
[Result "1-0"]
[WhiteElo "1785"]
[BlackElo "948"]
[PlyCount "49"]
[EventDate "2004.11.02"]
[EventType "swiss"]
[EventRounds "7"]
[EventCountry "GER"]
[SourceTitle "EXT 2006"]
[Source "ChessBase"]
[SourceDate "2005.11.24"]
[SourceVersion "1"]
[SourceVersionDate "2005.11.24"]
[SourceQuality "1"]

1. e4 e5 2. Nf3 Nc6 3. Bb5 a6 4. Ba4 b5 5. Bb3 h6 6. 0-0 Nd4 7. Nxe5 Nxb3 8. axb3 d6 9. Nf3 Nf6 10. Nc3 g5 11. Nxb5 Nxe4 12. Re1 Qe7 13. Nc3 Bb7 14. Nxe4 Bxe4 15. d3 f5 16. dxe4 fxe4 17. Qd5 Rd8 18. Rxe4 Rd7 19. Rxe7+ Bxe7 20. Be3 g4 21. Nd4 Bg5 22. Bxg5 hxg5 23. Re1+ Re7 24. Qa8+ Kd7 25. Rxe7+ 1-0

[Event "Troisdorf op"]
[Site "Troisdorf"]
[Date "2003.10.14"]
[Round "1"]
[White "Hingst, Dieter Max Otto"]
[Black "Heck, Ewald"]
[Result "0-1"]
[WhiteElo "811"]
[BlackElo "1787"]
[PlyCount "76"]
[EventDate "2003.10.14"]
[EventType "swiss"]
[EventRounds "7"]
[EventCountry "GER"]
[SourceTitle "EXT 2005"]
[Source "ChessBase"]
[SourceDate "2004.11.15"]
[SourceVersion "1"]
[SourceVersionDate "2004.11.15"]
[SourceQuality "1"]

1. e4 c5 2. Nc3 Nc6 3. Nf3 g6 4. Bc4 Bg7 5. d3 d6 6. Nh4 e6 7. Qg4 Nf6 8. Qg3 0-0 9. Bf4 Nh5 10. Bg5 Nxg3 11. Bxd8 Nxh1 12. Bg5 Nd4 13. Kd2 Nxf2 14. Nb5 Nxb5 15. Bxb5 f6 16. Be3 Ng4 17. Bg1 a6 18. Ba4 b5 19. Bb3 Ne5 20. d4 cxd4 21. Bxd4 Rd8 22. Nf3 d5 23. exd5 Nxf3+ 24. gxf3 exd5 25. Re1 Kf8 26. Bc5+ Kg8 27. Re7 Bf8 28. Bb6 Bxe7 29. Bxd8 Bb4+ 30. Kd1 Be6 31. Bxf6 Kf7 32. Bh4 d4 33. Bxe6+ Kxe6 34. a3 Bd6 35. b4 Bxh2 36. Bf2 Kd5 37. Bh4 Rc8 38. Bf6 Rc3 0-1